[Event "SUI-ch int"]
[Site "Arosa"]
[Date "1996.07.17"]
[Round "9"]
[White "Vogt, Lothar"]
[Black "Costa, Jean Luc"]
[Result "1-0"]
[WhiteElo "2505"]
[BlackElo "2395"]
[Annotator "Vogt,L"]
[PlyCount "59"]
[EventDate "1996.07.08"]
[EventType "tourn"]
[EventRounds "11"]
[EventCountry "SUI"]
[EventCategory "9"]
[SourceTitle "EXT 2006"]
[Source "ChessBase"]
[SourceDate "2005.11.24"]
[SourceVersion "1"]
[SourceVersionDate "2005.11.24"]
[SourceQuality "1"]

1. e4 d6 2. d4 Nf6 3. Nc3 c6 4. Nf3 Bg4 5. Bd3 Qb6 6. a3 Bxf3 7. Qxf3 Qxd4 8.
Be3 Qe5 9. g4 g6 (9... Qe6 $142) 10. Bc4 e6 11. O-O-O (11. Rd1 $18) 11... h5
12. Bd4 Qg5+ 13. Be3 Qe5 14. Bd4 Qg5+ 15. Be3 Qh4 16. h3 Nbd7 17. g5 Nh7 18.
Qg2 d5 19. exd5 $1 Qxc4 20. Rd4 Qa6 21. Ra4 Qxa4 22. Nxa4 cxd5 23. Bd4 f6 24.
Re1 Kf7 25. h4 Be7 26. Nc3 Nb6 27. Bxb6 axb6 28. Rxe6 $1 Rhd8 29. Rxb6 Rd7 30.
Rxb7 1-0

[Event "Olympiad-32"]
[Site "Yerevan"]
[Date "1996.09.25"]
[Round "9.1"]
[White "Yudasin, Leonid"]
[Black "Murshed, Niaz"]
[Result "1-0"]
[WhiteElo "2595"]
[BlackElo "2510"]
[Annotator "Vorotnikov,V"]
[PlyCount "87"]
[EventDate "1996.09.15"]
[EventType "team-swiss"]
[EventRounds "14"]
[EventCountry "ARM"]
[SourceTitle "CBM 055"]
[Source "ChessBase"]
[SourceDate "1996.12.01"]
[SourceVersion "1"]
[SourceVersionDate "1996.12.01"]
[SourceQuality "1"]
[WhiteTeam "Israel"]
[BlackTeam "Bangladesh"]
[WhiteTeamCountry "ISR"]
[BlackTeamCountry "BAN"]

1. e4 d6 2. d4 Nf6 3. Nc3 e5 (3... c6 4. f3 e5 5. dxe5 dxe5 6. Qxd8+ Kxd8 7.
Bc4 Ke8 8. Nge2 Nbd7 9. a4 a5 10. g4 Nc5 11. h4 Be6 12. Bxe6 Nxe6 13. h5 Bc5
14. Nd1 Ke7 15. Ne3 g6 16. Nc4 Nd7 17. Bd2 b6 18. O-O-O $14 {Yudasin,L-Hodgson,
Y/Dos Hermanas/1992/}) 4. dxe5 dxe5 5. Qxd8+ Kxd8 6. Bc4 Be6 7. Bxe6 fxe6 8. f3
(8. Be3 Nbd7 9. O-O-O Bd6 10. Nh3 Ke7 11. f3 a6 12. Nf2 h6 13. Nd3 b5 14. a4
Rab8 15. axb5 axb5 16. b4 Nb6 17. Bxb6 Rxb6 18. Kb2 Nd7 19. Ra1 c5 20. bxc5
Nxc5 21. Nxc5 Bxc5 22. Ra7+ Kf6 23. Kb3 Rc8 $36 {Ukolov,A-Vorotnikov,V/Moscow/
1996/}) 8... a6 9. Be3 Bd6 10. Nh3 Nbd7 11. Ke2 Ke7 12. Nf2 Bc5 13. Ncd1 Rhd8
14. Bxc5+ Nxc5 15. Ne3 Nfd7 $6 (15... b5 $5) 16. Nc4 $1 h5 17. Na5 Nb8 18. b4
b6 19. Nc4 Ncd7 20. a4 $14 Nc6 21. c3 b5 22. Nd2 Nb6 23. a5 $16 {><a6} Nc4 24.
Nb3 Rd6 25. Nd3 Nb8 26. h4 $1 Nd7 27. Rhg1 g6 28. Rad1 Nf6 29. Nbc5 Rg8 30.
Rge1 Nd7 (30... g5 31. hxg5 Rxg5 32. Kf2 $16 {><h5}) 31. Nxd7 Rxd7 32. Rg1 Kf6
33. Nc5 Rd6 34. Nb7 $1 (34. Rxd6 $2 cxd6 35. Nxa6 Rg7) 34... Rc6 35. Rd7 {/\Nd8
} Rg7 36. Rxg7 Kxg7 37. g4 $1 hxg4 38. fxg4 $18 Nb2 39. Nc5 Nc4 40. Rd1 Nxa5
41. Ra1 Nc4 42. Rxa6 Nb6 (42... Rxa6 43. Nxa6 c6 44. Nb8 $19) 43. Ra5 Rd6 44.
Rxb5 1-0

[Event "Bundesliga 0102"]
[Site "Germany"]
[Date "2001.11.24"]
[Round "3.7"]
[White "Zeller, Frank"]
[Black "Haskamp, Stephan"]
[Result "0-1"]
[WhiteElo "2442"]
[BlackElo "2310"]
[Annotator "Wells,P"]
[PlyCount "78"]
[EventDate "2001.10.06"]
[EventType "team-tourn"]
[EventRounds "15"]
[EventCountry "GER"]
[SourceTitle "CBM 087"]
[Source "ChessBase"]
[SourceDate "2002.03.21"]
[SourceVersion "1"]
[SourceVersionDate "2002.03.21"]
[SourceQuality "1"]
[WhiteTeam "Stuttgart"]
[BlackTeam "Koenig Plauen"]
[WhiteTeamCountry "GER"]
[BlackTeamCountry "GER"]

1. e4 g6 2. d4 d6 3. Be3 Nf6 4. Nc3 a6 5. Qd2 b5 6. f3 Nbd7 7. a4 b4 8. Nce2 c5
9. dxc5 dxc5 10. e5 Nxe5 11. Qxd8+ Kxd8 12. O-O-O+ Ke8 13. Bxc5 b3 $1 {An
excellent jolt, reminding white that he does not possess the most important
file!} 14. cxb3 Bh6+ {Leads to some advantage, but the best way to emphasise
white's king's embarrassment, and the excellent coordination between black's
rook and minor pieces would seem to be} (14... Bf5 $5 15. Nf4 (15. Bd4 Rc8+ 16.
Bc3 Bh6+) (15. g4 Bh6+) 15... Rc8 16. b4 Nfd7 (16... Ned7 17. Nd3 Nd5) (16...
Bh6 17. g3 Ned7 18. b3 Nxc5 19. bxc5 Rxc5+) 17. Rd5 (17. Bxa6 Nxc5 18. Bxc8
Nb3#) 17... e6 18. Bxa6 Rc7 (18... Nxc5 19. Bxc8) (18... exd5 19. Bxc8 Nxc5 20.
Bxf5 Bh6 21. bxc5 Bxf4+ 22. Kc2 gxf5 23. Ne2 Be3 24. b4) 19. Rxe5 Nxe5 20. Kd2
Bxc5 21. bxc5 Rxc5) 15. Kb1 Bf5+ 16. Ka2 Bc2 17. Ra1 Rc8 18. Bd4 Nc6 19. Bc3 e5
20. Re1 Nd5 21. Nd4 Ncb4+ 22. Ka1 Kf8 23. Rxe5 Bg7 24. Rxd5 Nxd5 25. Nxc2 Nxc3
26. bxc3 Rxc3 27. Kb1 Rxb3+ 28. Kc1 Bh6+ 29. Kd1 Rb1+ 30. Ke2 Kg7 {What was
that. A column about the power and use of rooks? Its all worked out quite well!
} 31. Nh3 Rd8 32. f4 Rb2 33. Kf3 Rxc2 34. Bxa6 Rc3+ 35. Ke2 Ra3 36. Rb1 Rxa4
37. Bb5 Ra2+ 38. Kf3 Ra3+ 39. Ke2 Rb8 0-1

[Event "ISR-chT"]
[Site "Ramat Aviv"]
[Date "2000.03.17"]
[Round "6.1"]
[White "Murey, Jacob"]
[Black "Marin, Mihail"]
[Result "1-0"]
[WhiteElo "2487"]
[BlackElo "2555"]
[Annotator "Wells,P"]
[PlyCount "111"]
[EventDate "2000.01.14"]
[EventType "team"]
[EventRounds "11"]
[EventCountry "ISR"]
[SourceTitle "CBM 077"]
[Source "ChessBase"]
[SourceDate "2000.07.27"]
[SourceVersion "1"]
[SourceVersionDate "2000.07.27"]
[SourceQuality "1"]
[WhiteTeam "Maccabi Afek"]
[BlackTeam "Tel Aviv Ironi"]
[WhiteTeamCountry "ISR"]
[BlackTeamCountry "ISR"]

1. e4 d6 2. d4 Nf6 3. Nc3 g6 4. Be2 Bg7 5. e5 dxe5 6. dxe5 Qxd1+ 7. Bxd1 Nfd7
8. f4 f6 9. exf6 exf6 10. Be2 Nb6 11. Be3 O-O 12. Nf3 Nc6 13. O-O-O Re8 14. Bf2
f5 15. Rhe1 Bxc3 16. bxc3 Be6 17. Bb5 Bc4 18. a4 Rxe1 19. Nxe1 Be6 20. Nf3 a6
21. Bxc6 bxc6 22. Bxb6 $1 {Fascinating - white exchanges his dark-squared
bishop and straightens black's pawns in order to obtain a bind on the dark
squares in turn. This becomes more readily understandable when we see that in
order to maintain his bishop's 'outpost' on d5 black is forced to again weaken
his queenside.} cxb6 23. Ne5 Bd5 24. g3 b5 {Now we see - to prevent c4, ugly
dark-square weaknesses will emerge. Of course, exchanging the knight on b6
also helped to render white's outpost impregnable.} 25. a5 Kf8 26. Kb2 Ke7 27.
c4 bxc4 28. Kc3 Kd6 (28... Rb8 29. Rxd5 $1 $18) (28... Ke6 29. Rb1 {[%cal
Yb1b7]}) 29. Nxc4+ Kc5 30. Ne5 Rg8 31. Rb1 g5 32. Rb7 $16 {and white has a
clear plus, based upon his superior minor piece and a definite initiative.} h5
33. fxg5 Rxg5 34. Nd3+ Kd6 35. Rh7 Bf3 36. Rh6+ Ke7 37. Ne5 Be4 38. Kb3 Kf8 39.
Rg6 Rxg6 40. Nxg6+ Kf7 41. Nf4 h4 42. gxh4 Kf6 43. c4 c5 44. Kc3 Bb7 45. Nd3
Kg6 46. Nxc5 Bc8 47. Kd4 Kh5 48. Ke5 Kxh4 49. Nd3 Kh3 50. c5 Kxh2 51. c6 Kg3
52. Nf4 Kf3 53. Nd5 Kg4 54. c7 Kg5 55. Ne7 Bb7 56. Nxf5 1-0

[Event "Candidates FIDE m1"]
[Site "Wijk aan Zee"]
[Date "1994.??.??"]
[Round "5"]
[White "Adams, Michael"]
[Black "Gelfand, Boris"]
[Result "1-0"]
[WhiteElo "2660"]
[BlackElo "2685"]
[Annotator "Wolff,P"]
[PlyCount "149"]
[EventDate "1994.01.16"]
[EventType "match"]
[EventRounds "8"]
[EventCountry "NED"]
[SourceTitle "CBM 039"]
[Source "ChessBase"]
[SourceDate "1994.04.01"]
[SourceVersion "1"]
[SourceVersionDate "1994.04.01"]
[SourceQuality "1"]

1. e4 c5 2. c3 d6 3. d4 Nf6 4. Bd3 cxd4 5. cxd4 g6 6. Nc3 Bg7 7. h3 $1 (7. Nf3
Bg4) 7... O-O 8. Nf3 $14 e5 (8... Nc6 9. O-O e5 10. dxe5 (10. Be3 exd4 11. Nxd4
d5 $10 {Hresc-Cebalo, Yugoslavia (ch) 1982}) 10... Nxe5 11. Nxe5 dxe5 12. Be3
$14) 9. dxe5 $1 dxe5 10. O-O Nc6 11. Be3 $14 Be6 (11... Re8 {/\ ...Nd4} 12. Bc4
(12. Bb5 Bd7) 12... Be6 (12... Na5 13. Qxd8 (13. Be2 Be6 14. Qa4 Bd7 15. Qc2 a6
$132) 13... Rxd8 14. Nxe5 Nxc4 15. Nxc4 $16) 13. Bxe6 Rxe6 14. Qa4 $36 {
/\ Rfd1,Rac1} (14. Qb3 Nd4 $1)) 12. Bb5 $1 Na5 (12... Qa5 $5) 13. Qe2 a6 14.
Bd3 Nc6 (14... b5 $2 15. Nxe5) 15. Rfd1 Qc8 $2 (15... Nd4 16. Bxd4 exd4 17. Bc4
(17. Bb1 Nh5 $1 18. e5 Nf4 (18... Qb6 19. Rxd4 $16) 19. Qe4 dxc3 $1 20. Rxd8
cxb2 $19) (17. Bc2 Nh5 $1 18. e5 Qb6 19. Nxd4 Qxb2 (19... Nf4 20. Qe4 Qxb2 21.
Na4 $18) 20. Na4 Qa3 21. Nxe6 fxe6 22. Bb3 Nf4 23. Qe4 Qe7 $132) 17... Nh5 $1
18. Bxe6 fxe6 19. e5 $13) 16. Rac1 $16 Rd8 17. Na4 Nd7 18. Bc4 $1 Bxc4 19. Qxc4
Nd4 {Desperation} 20. Qxc8 Raxc8 21. Rxc8 Rxc8 22. Nxd4 exd4 23. Bxd4 Bxd4 24.
Rxd4 $18 Rc1+ 25. Kh2 Ne5 26. Rd5 Nc6 27. Rd2 g5 28. Kg3 Kg7 29. h4 gxh4+ 30.
Kxh4 Ne5 31. b3 Rh1+ 32. Kg3 h5 33. Nc5 h4+ 34. Kf4 Ng6+ 35. Ke3 Re1+ 36. Re2
Rc1 37. Nxb7 Rc3+ 38. Kd4 Rc1 39. Ke3 Rc3+ 40. Kd2 Rc7 41. Nd6 Rd7 42. e5 Nxe5
43. Rxe5 Rxd6+ 44. Ke3 Kg6 45. Re4 Kg5 46. Ke2 f5 47. Ra4 Re6+ 48. Kf1 Rd6 49.
Kg1 $1 Rd1+ 50. Kh2 Rd6 51. Ra5 Kg4 52. Ra4+ Kg5 53. g3 $1 hxg3+ 54. Kxg3 Rd3+
55. f3 Rd6 56. Ra5 Rc6 57. b4 Rb6 58. a3 Rd6 59. Rc5 Rd3 60. Ra5 Rb3 61. Rxa6
f4+ 62. Kg2 Kh5 63. Ra7 Kg5 64. Ra8 Kf5 65. Ra5+ Kf6 66. a4 Rxb4 67. Kh3 Ke6
68. Kg4 Rc4 69. Ra8 Rb4 70. Kg5 Rc4 71. a5 Ra4 72. Ra6+ Kf7 73. Kf5 Ke7 74. Ra8
Kf7 75. Ra7+ 1-0

[Event "USA-ch"]
[Site "Saint Louis"]
[Date "2017.04.02"]
[Round "5"]
[White "Xiong, Jeffery"]
[Black "Kamsky, Gata"]
[Result "0-1"]
[WhiteElo "2674"]
[BlackElo "2659"]
[Annotator "Yermolinsky,A"]
[PlyCount "144"]
[EventDate "2017.03.29"]
[EventType "tourn"]
[EventRounds "11"]
[EventCountry "USA"]
[EventCategory "18"]
[SourceTitle "CBM 178"]
[Source "ChessBase"]
[SourceDate "2017.05.14"]
[SourceVersion "1"]
[SourceVersionDate "2017.05.14"]
[SourceQuality "1"]

1. d4 g6 2. e4 Bg7 3. Nf3 d6 4. Bd3 Nf6 5. O-O O-O 6. Re1 Nc6 7. c3 e5 8. Na3
Bg4 9. Nc2 Nd7 10. Be2 Kh8 11. Bg5 f6 12. Bh4 Nb6 13. Ne3 Bd7 14. b4 Qe8 15. b5
Nd8 16. a4 a5 17. c4 Ne6 18. c5 {A rather cavalier pawn sacrifice. People used
to get burned playing like this against Gata Kamsky, and they still can.} (18.
Nd5) 18... dxc5 19. dxe5 fxe5 20. Qb3 Rf4 21. Qb1 Nd4 22. Bg3 Rf8 23. Nd2 Be6
24. Qc1 Nd7 25. Bc4 b6 26. Rb1 h5 27. Bxe6 Qxe6 28. Nd5 Rac8 29. Nc4 Kh7 30.
Qd1 Bh6 $5 {Gata wants it all: an attack on the king to complement his extra
pawn and dominating Nd4.} (30... Nf6 31. Bxe5 Nxd5 32. exd5 Qxd5 33. Bxg7 Kxg7
{seemed simpler.}) 31. Rb2 Rf7 32. Qd3 Bf4 33. Qc3 g5 34. h3 $2 h4 35. Bh2 Nf6
$2 ({Oh, no! We were all screaming for} 35... Nf3+ {a spectacular shot that
would have left White scratching and clawing for a draw, down a queen,} 36.
Qxf3 (36. gxf3 Qxh3 {is not going to end well for the white monarch.}) 36...
Bxh2+ 37. Kxh2 Rxf3 38. gxf3 Nf6 39. Rd2 Rf8 40. Kg2 Nh5 41. Red1 Nf4+ 42. Nxf4
gxf4 {and, likely, not quite making it.}) 36. Nxf6+ Rxf6 37. Ne3 Bxh2+ 38. Kxh2
Rf4 39. Nd5 Rf7 40. f3 Rd8 41. Qe3 Qg6 42. Qc3 Rd6 43. Rf2 {Xiong has dug some
trenches. In search for a way through Kamsky devises a wait-and-see strategy,
while moving his king over to the queenside, in the style of Tigran Petrosian.}
Kg8 44. Ne3 Kf8 45. Kh1 Ke8 46. Kh2 Kd8 47. Kh1 Kc8 48. Kh2 Kb8 49. Kh1 Qf6 50.
Kg1 Rd8 51. Qc1 Rfd7 52. Nd5 Qg7 53. Qc4 Rd6 54. Ne3 Qf8 55. Qc3 Qf7 56. Nc4 $6
{Wrong. The knight should not have strayed away from its own king.} Re6 57. Rd2
Re7 58. Rb1 Qf4 $1 59. Re1 Red7 60. Rf2 Kb7 61. Qb2 Qg3 62. Ref1 Ne6 $1 {
It turns out Gata has not completely lost his chops. This is one powerhouse of
a pawn sac.} 63. Qxe5 Nf4 64. Qf5 Rd1 $1 {A very nice finish.} 65. Ne3 (65. Qg4
Ne2+ 66. Kh1 Qxf2) 65... R1d3 $1 66. Nd5 Rxf3 67. Qg4 Rxf2 68. Rxf2 Qxg4 69.
hxg4 Nxd5 70. exd5 Rxd5 71. Kh2 Rd4 72. Kh3 Rd3+ 0-1

[Event "RUS-Cup01 Chigorin Memorial"]
[Site "St Petersburg"]
[Date "1997.11.07"]
[Round "7"]
[White "Orlov, Vassily"]
[Black "Tseitlin, Mark D"]
[Result "1-0"]
[WhiteElo "2425"]
[BlackElo "2530"]
[Annotator "Yudasin,L"]
[PlyCount "143"]
[EventDate "1997.11.01"]
[EventType "swiss"]
[EventRounds "9"]
[EventCountry "RUS"]
[SourceTitle "CBM 062"]
[Source "ChessBase"]
[SourceDate "1998.01.31"]
[SourceVersion "1"]
[SourceVersionDate "1998.01.31"]
[SourceQuality "1"]

1. e4 d6 2. d4 Nf6 3. Nc3 g6 4. g3 Bg7 5. Bg2 O-O 6. Nge2 e5 7. O-O Nc6 8. d5
Ne7 9. f4 exf4 10. Bxf4 $1 Ng4 11. Qd2 Ne5 (11... c6 12. h3 Ne5 13. b3 c5 14.
a4 Kh8 15. Rf2 Ng8 16. Raf1 Qe7 17. g4 Bd7 18. Bg5 f6 19. Bf4 b6 20. Kh1 a6 21.
Ng1 b5 22. Nf3 Nf7 23. Re1 Rab8 24. axb5 axb5 25. b4 cxb4 26. Na2 Ne5 27. Nxe5
fxe5 28. Be3 Rxf2 29. Qxf2 Bh6 30. Bxh6 Nxh6 31. Rf1 Kg7 32. Qa7 Rf8 33. Nxb4
Rf7 34. Qb7 Be8 35. Qxe7 Rxe7 36. Ra1 Rc7 37. Bf1 Nf7 38. Kg2 Ng5 39. Bd3 h6
40. Ra8 Bd7 41. Ra6 Nf7 42. Nc6 Rb7 43. c3 h5 44. gxh5 gxh5 45. h4 Nh8 46. Kf2
{Gulko,B-Gufeld,E/Vilnius zt 1975/MCL 05/1-0 (59)}) (11... c5 12. dxc6 Nxc6 13.
h3 Nge5 14. b3 Be6 15. Rad1 Rc8 16. Kh1 Qa5 17. Nd5 Qxd2 18. Rxd2 Bxd5 19. exd5
Nb4 20. Nd4 Nxa2 21. Nb5 Rfd8 22. Nxa7 Ra8 23. Nb5 Nb4 24. Bg5 Rd7 25. c3 Na6
26. Ra2 {Gulko,B-Van der Wiel,J/OHRA 1987/CBM 03/ - (45)}) 12. b3 $14 Kh8 (
12... c5 13. dxc6 N7xc6 14. Rad1 Bg4 15. Qxd6 $2 (15. h3 Bxe2 16. Nxe2 Qb6+ 17.
Be3 Qa6 18. c4 $16) 15... Qb6+ 16. Kh1 Rad8 17. Qa3 Rxd1 18. Rxd1 Bxe2 19. Nxe2
Ng4 $19) 13. Bh6 Ng8 14. Bxg7+ Kxg7 15. Nd4 Qe7 16. Rae1 Bd7 17. Nd1 Rae8 18.
c4 (18. Ne3) 18... b6 (18... c5 19. dxc6 bxc6 $13) 19. Qc3 a5 20. a3 h5 21. h3
Nf6 (21... Nh6 {/\}) 22. Nb2 h4 23. g4 Nh7 24. Nd3 Ng5 25. b4 axb4 26. axb4
Ra8 27. Ra1 Kg8 (27... f6) 28. Nf4 Rfe8 29. Kh1 Qf8 $5 (29... f6) 30. c5 $5
bxc5 (30... dxc5 31. Nde6 Bxe6 32. Qxe5 f6 33. Qxc7 (33. Qb2 Bf7 34. Rxa8 Rxa8
35. Qxf6 $16 (35. bxc5)) 33... Bf7 34. Qxb6 Nxe4 35. Bxe4 Rxa1 36. Rxa1 Rxe4
37. Ne6 Bxe6 38. dxe6 cxb4) 31. bxc5 Rxa1 32. Qxa1 $5 (32. Rxa1 dxc5 (32... Rb8
$1 $11) 33. Nde6 $16) 32... Ra8 33. Qc3 Qe8 34. c6 Bc8 35. Ra1 Rb8 36. Qe1 (36.
Qa5 Qe7 37. Nb5 Rb6 {Nc4,Qf6}) 36... Nc4 37. Nd3 Ne5 38. Nf4 Nxg4 $4 (38... Nc4
39. Nd3 Ne5 $11) 39. hxg4 Qe5 40. Qe3 Bxg4 41. Nd3 Qe7 42. Qf4 Bf3 (42... Bh3
43. Re1 Bxg2+) 43. Re1 Bxg2+ 44. Kxg2 h3+ 45. Kg3 f6 46. Nf3 $18 Nf7 47. Kxh3
Rb3 48. Re3 Kg7 49. Kg3 Ra3 50. Nd4 Ng5 51. Nf2 Ra1 52. Nf3 Rf1 53. Re2 Ra1 54.
Nxg5 Rg1+ 55. Kh2 Rxg5 56. Re3 Qd8 57. Rg3 Qh8+ 58. Kg2 Rxg3+ 59. Qxg3 Qg8 60.
Nd3 Qb8 61. Nf4 g5 62. Ne6+ Kg8 63. Qc3 Kf7 64. Qh3 Qb2+ 65. Kf3 Kg8 66. Qf5
Qb3+ 67. Kg4 Qd1+ 68. Qf3 Qg1+ 69. Kf5 Qh2 70. Kxf6 Qh4 71. Qf5 g4+ 72. Qg5+
1-0

[Event "RUS-Cup01 Chigorin Memorial"]
[Site "St Petersburg"]
[Date "1997.11.09"]
[Round "9"]
[White "Orlov, Vassily"]
[Black "Zakharevich, Igor"]
[Result "0-1"]
[WhiteElo "2425"]
[BlackElo "2515"]
[Annotator "Yudasin,L"]
[PlyCount "81"]
[EventDate "1997.11.01"]
[EventType "swiss"]
[EventRounds "9"]
[EventCountry "RUS"]
[SourceTitle "CBM 062"]
[Source "ChessBase"]
[SourceDate "1998.01.31"]
[SourceVersion "1"]
[SourceVersionDate "1998.01.31"]
[SourceQuality "1"]

1. e4 d6 2. d4 Nf6 3. Nc3 g6 4. f3 Bg7 5. Be3 c6 6. Qd2 b5 7. Bd3 $6 (7. g4 {
/\Nbd7.g5}) 7... Nbd7 8. Nge2 (8. Nce2 Rb8 9. c3 c5 10. g4 h5 11. g5 Nh7 12. f4
b4 13. d5 bxc3 14. Nxc3 Qa5 15. Nge2 Ba6 16. Bxa6 Qxa6 17. Rb1 O-O 18. b3 {
- Goban,M-Valent,I/SVK-chT 9697 1997/EXT 97}) 8... Bb7 (8... a6 9. O-O O-O 10.
a4 Bb7 11. Bh6 e5 12. dxe5 Bxh6 13. Qxh6 dxe5 14. Qe3 Qe7 15. Nd1 Nc5 16. axb5
cxb5 17. Nf2 Nfd7 18. Ng3 Rfc8 19. Rfd1 Na4 20. Rab1 Bc6 21. Bf1 Qc5 22. Qh6
Nf8 23. Rd2 {Pereszupkin,A-Tseshkovsky,V/URS-FL 1977/MCL 05/1-0 (61)}) 9. Nd1 (
9. Nc1 Nb6 10. N3e2 Nfd7 11. Nb3 a6 12. h4 h5 13. g4 hxg4 14. fxg4 c5 15. Na5
Qc7 16. Ng3 cxd4 17. Bf2 Ne5 18. Be2 Nbc4 19. Nxc4 Nxc4 20. Bxc4 Qxc4 21. h5
O-O-O 22. Rh3 Qe6 23. Bxd4 Bxd4 {Mihevc,M-Ipavec,P/SLO-chJW U20 1994/EXT 97/
0-1 (34)}) (9. g4 Nb6 10. h4 h5 11. g5 Nfd7 12. a4 b4 13. Nd1 a5 14. c3 c5 $13)
(9. Bh6 Bxh6 10. Qxh6 Qa5 11. O-O e5 12. Kh1 $11) (9. a4 b4 10. Nd1 a5 11. c3
bxc3 12. bxc3 Ba6 {/\Nb6~~}) 9... a6 10. Nf2 e5 11. c3 O-O 12. O-O d5 13. b4 $5
(13. a4 $5 Re8 14. b4 exd4 15. cxd4 dxe4 16. fxe4 Nb6 17. a5 Nc4 18. Bxc4 bxc4
$16) (13. Bh6 $5) 13... a5 14. a3 Re8 15. Bh6 dxe4 16. fxe4 Qe7 17. Bxg7 Kxg7
18. Ng3 h6 19. Rad1 Ra7 $1 {/\Rea8,Ra2} 20. Bb1 axb4 21. axb4 Ra3 22. Nd3 (22.
Qb2 $5 Rea8 23. Nd3 $36 exd4 24. cxd4) 22... exd4 23. cxd4 Nb6 24. Rf4 (24. Nc5
Nc4 25. Qc1 Ng4 (25... Rea8 $5 {/\Ne3,/\Bc8,Ng4}) 26. Rf3 $13) 24... Nc4 25.
Qf2 $36 Rf8 26. Rf1 (26. Nc5 {/\Bd3}) 26... Nh7 27. Nc5 Bc8 28. Bd3 f6 29. Bxc4
bxc4 30. e5 (30. Qc2 Be6 31. Ne2 {/\d5,/\Nc3,d5}) 30... f5 31. h4 h5 32. e6 $2
(32. Ne2 Be6 33. Nxe6+ Qxe6 34. Rf3 {/\Nf4,Nh7,g6}) 32... Rf6 33. Re1 Bxe6 34.
d5 $1 (34. Nxe6+ Rxe6 35. Rxe6 Qxe6 36. d5 Ra1+ 37. Kh2 cxd5 38. Qd4+ Qf6 39.
Qxd5 c3 $13) 34... cxd5 35. Qb2 Rxg3 36. Nxe6+ $4 (36. Rxe6 Qa7 {/\c3} (36...
Qf7 $2 $16 37. Qe5) (36... Qd8 37. Qe5 $40) 37. Kh2 Rg4 38. Rxf6 Nxf6 39. Rxg4
hxg4 40. Ne6+ Kf7 41. Ng5+ Kg7 $11) 36... Kg8 37. Qe5 Rd3 38. Rff1 Nf8 $19 39.
Nxf8 Qxe5 40. Rxe5 Kxf8 41. Rb1 0-1

[Event "VISA GP"]
[Site "Reykjavik"]
[Date "1998.03.12"]
[Round "3"]
[White "Van der Weide, Karel"]
[Black "Kindermann, Stefan"]
[Result "1/2-1/2"]
[WhiteElo "2450"]
[BlackElo "2565"]
[Annotator "Yudasin,L"]
[PlyCount "38"]
[EventDate "1998.03.10"]
[EventType "swiss"]
[EventRounds "9"]
[EventCountry "ISL"]
[SourceTitle "CBM 064"]
[Source "ChessBase"]
[SourceDate "1998.06.02"]
[SourceVersion "1"]
[SourceVersionDate "1998.06.02"]
[SourceQuality "1"]

1. e4 g6 2. d4 Bg7 3. Nc3 d6 4. g3 Nf6 5. Bg2 O-O 6. Nge2 e5 7. h3 Nc6 8. Be3
exd4 9. Nxd4 Bd7 10. O-O Re8 11. Re1 a6 12. a4 Nb4 13. Qd2 Qe7 $5 $146 {
The idea of this move is to refrain from c7-c5 as long as possible,as it
weakens "d6" pawn and counterplay in the centre can be not enough.} ({
Nevertheless Black usually plays} 13... c5 14. Nb3 (14. Nde2 $6 {[%csl Re4]}
Bc6 15. f3 {1/2-1/2 Schumacher,H-Deleyn,G/BEL-chT9697 1997} (15. Bg5 h6 16.
Bxf6 Qxf6 17. a5 h5 18. h4 Rad8 19. f4 d5 20. exd5 Qf5 21. Red1 Bb5 22. Nxb5
axb5 23. c3 Nc2 24. Rac1 Ne3 25. Re1 Nxg2 26. Kxg2 Qe4+ (26... Rxd5 $5) 27. Kh2
Qxd5 $142 (27... Rxd5 $2 28. Nd4 cxd4 29. Rxe4 Rxe4 30. Qg2 $1 (30. cxd4 $6 {
1-0 Cherniaev,A-Bitman,A/RUS-Cup2 1996 (39)}) 30... f5 31. Re1 $1 dxc3 32. bxc3
$1 $18))) 14... Bc6 (14... Qc8 {1/2-1/2 Spasov,V-Stohl,I/Elenite 1992}) 15. Bf4
Nh5 (15... d5 $2 16. exd5 Rxe1+ 17. Rxe1 Nfxd5 18. Nxd5 Nxd5 19. Rd1 c4 20. Nc1
$18 {[%cal Rd2d8]} Qe7 21. Bxd5 Rd8 22. Bg5 Bf6 23. Bxf6 Qxf6 24. Bxf7+ Kg7 25.
Qxd8 Qf3 26. Qd4+ {1-0 Cifuentes Parada,R-Alkaersig,O/Benasque op 1996}) 16.
Bg5 (16. Bxd6 $6 Nxc2 $1 17. Qxc2 Qxd6) 16... Bf6 17. Bh6 (17. Bxf6 Qxf6 18.
Na5 (18. Rad1 Rad8 19. Na5 Rd7 20. Nc4 Red8 21. Nb6 Re7 22. Qc1 Ng7 23. Re3 Ne6
24. Ne2 {[%csl Rb4][%cal Gc2c3]} Nd4 25. c3 $16 Nbc2 26. cxd4 Nxe3 27. Qxe3 {
1-0 Sanz Alonso,F-Moreno Ruiz,J/ESP-ch 1994 (42)}) 18... b6 19. Nxc6 Nxc6 20.
Nd5 Qd8 21. Rad1 Ra7 22. c3 $14 {[%csl Rd6] Cid,M-Toth,C/Mar del Plata 1990/
1-0 (52)}) 17... Qc7 (17... Bg7 18. Bxg7 Nxg7 19. Rad1 Ne6 20. Nd5 a5 21. Nc3
Nd4 22. Nxd4 cxd4 23. Nb5 Rc8 24. c3 dxc3 25. bxc3 Na6 26. Nxd6 Bxa4 27. Qf4 $1
Bxd1 28. Qxf7+ Kh8 29. Nxe8 Qxe8 30. Qf6+ Kg8 31. Rxd1 $18 {Kosashvili,
Y-Reinderman,D/ISR-NLD m rapid 1995/1-0 (55)}) 18. Nd1 Bd7 19. g4 Ng7 20. c3
Nc6 21. Ne3 Be6 22. Nd5 Bxd5 23. exd5 Ne5 24. Re2 Qb6 25. Qf4 Nd7 26. Rxe8+
Rxe8 27. Nd2 Be5 28. Nc4 Bxf4 29. Nxb6 Bxh6 30. Nxd7 Bg5 31. Nb6 {1/2-1/2
Klinger,J-Miles,A/Kusadasi op 1990}) 14. Rad1 (14. Nd5 Nbxd5 15. exd5 Ne4 $1 {
[%cal Gg7d4] and strong bishop on "g7" compencate space advantage.}) (14. Bg5
$5 h6 $5 15. Bxh6 $1 (15. Nd5 $6 Nbxd5 16. exd5 Ne4 $1 17. Rxe4 Qxg5 $15) 15...
Bxh6 16. Qxh6 c5 {[%csl Rc2]} 17. e5 $1 (17. Nf5 $5 gxf5 18. exf5 Qxe1+ 19.
Rxe1 Rxe1+ 20. Kh2 $44 {[%csl Rg8]}) 17... cxd4 $1 (17... dxe5 18. Nf3 Nxc2 (
18... e4 $6 19. Rac1 $1 {[%cal Gf3g5]}) 19. Rxe5 Be6 (19... Nxa1 20. Rxe7 Rxe7
21. Ng5 $1 $18) 20. Rd1 $16 {[%csl Rg8]}) 18. exf6 Qf8 (18... Qxf6 $2 19. Ne4 {
[%cal Ge4d6,Ge4g5]}) 19. Qxf8+ Kxf8 $1 (19... Rxf8 $6 20. Re7 $1 (20. Nd5 $5
Nxc2 21. Re4 $1 Nxa1 $140 $4 22. Ne7+ Kh7 23. Rh4#) 20... dxc3 (20... Nxc2 21.
Rc1 dxc3 22. Rxc2 $16) 21. Rxd7 $1 $16) 20. Re4 $1 Nxc2 $1 (20... Rxe4 21. Nxe4
Nxc2 22. Rc1 Bxa4 23. Nxd6 $14) 21. Rh4 $1 Kg8 22. Rc1 dxc3 23. Rxc2 $14 {
[%csl Rb7,Rd6,Yf6,Rg8]}) 14... h5 15. Bg5 Qf8 16. Nb3 (16. Bf4 $5 $14) (16. a5
$5) 16... Be6 17. Nd4 Bd7 18. Nb3 Be6 19. Nd4 Bd7 1/2-1/2